000 00380nam a2200157Ia 4500
003 LK-CoDNM
008 010623t1926 xxu||||| |||| 00| 1 eng d
040 _aLK-CoDNM
_dLK-CoDNM
_eLK-CoDNM
041 _aeng
080 _a50
_bK16
245 _aPlates Ceylon annual,1926
260 _bPlate Ltd
_aColpetty
_c1926
300 _b71p,ill,pl., 27 cm
650 _aColombo
942 _cBK
999 _c93260
_d93260